000 00451nam a2200181Ia 4500
001 9453
005 20260306161719.0
008 260306t2009||||xx |||||||||||||| ||spa||
041 _aESP
082 _a379.01
_bA48
100 _aAlvarado Oyarce, Otoniel
_eAUT
245 0 _aPolítica educativa:
_bde la intención a la acción
260 _c2009
300 _a196 páginas :
_c22 cm.
650 _aGEN
654 _aCED
942 _cLIB
_dJUS
_fJUS
_2ddc
_n
999 _c9453
_d9453